Navajo Nation Country Quiz - Statistics

General Stats
  • This quiz has been taken 244 times
  • The average score is 9 of 16
Answer Stats
Hint Answer % Correct
States located on Arizona
93%
States located on New Mexico
92%
States located on Utah
90%
Name a major river it borders Colorado | Little Colorado | San Juan
80%
In this war Navajo language was used to evade decoding World War II
78%
Name for the border of four U.S. states Four Corners
76%
Only Native American tribe with more members Cherokee
75%
Any county the reservation is located on Apache | Coconino | Kane | McKinley | +3
63%
The Navajo Nation entirely surrounds this reservation Hopi Reservation
51%
Navajo word for themselves Diné
48%
Valley used in many Westerns Monument Valley
38%
Capital Window Rock
33%
Under which President was it established? Andrew Johnson
26%
Name for the system of tracing kinship through the female line {Matrilineal} system
26%
Traditional dwelling Hogan
24%
The Navajo's deportion to Bosque Redondo prison Long Walk of the Navajo
20%
No matching quizzes found
Score Distribution
Percent of People with Each Score
Percentile by Number Answered
Your Score History
You have not taken this quiz